000
00263nam a2200109Ia 4500
008
230907s9999||||xx |||||||||||||| ||und||
082
_a
621.382
_b
SKL
245
0
_a
Digital communications :
260
_a
Pearson,
_b
Noida :
_c
2018
300
_a
1137 p.
942
_c
BK
999
_c
601335
_d
601335